A THEORETICAL BOOK ON QUALITY ASSURENCE (Record no. 34157)

MARC details
000 -LEADER
fixed length control field 00298nam a22001337a 4500
003 - CONTROL NUMBER IDENTIFIER
control field SGT
020 ## - INTERNATIONAL STANDARD BOOK NUMBER
International Standard Book Number 9788119613496
082 ## - DEWEY DECIMAL CLASSIFICATION NUMBER
Classification number 615.1
Item number OJA
100 ## - MAIN ENTRY--PERSONAL NAME
Personal name OJHA DR ABHIJEET
245 ## - TITLE STATEMENT
Title A THEORETICAL BOOK ON QUALITY ASSURENCE
260 ## - PUBLICATION, DISTRIBUTION, ETC. (IMPRINT)
Place of publication, distribution, etc INDIA
Name of publisher, distributor, etc IP
Year of Publication 2026
300 ## - PAGE DESCRIPTION
No. of Pages 135
942 ## - ADDED ENTRY ELEMENTS (KOHA)
Source of classification or shelving scheme Dewey Decimal Classification
Koha item type Books
Holdings
Withdrawn status Lost status Source of classification or shelving scheme Damaged status Not for loan Collection code Home library Current library Shelving location Date acquired Vendor Name Cost, normal purchase price SGTU Bill Number Total Checkouts Full call number Accession No. (Barcode) Date last seen Bill Date Koha item type
    Dewey Decimal Classification     SCIENCE SGT Science & Social Sciences Library SGT Science & Social Sciences Library Text Book 21/02/2026 INNOVATIVE PUBLICATION 350.00 SGTU IPI/2025/SU/INS338/2   615.1 OJA DP1729 21/02/2026 10/02/2026 Books
    Dewey Decimal Classification     SCIENCE SGT Science & Social Sciences Library SGT Science & Social Sciences Library Text Book 21/02/2026 INNOVATIVE PUBLICATION 350.00 SGTU IPI/2025/SU/INS338/2   615.1 OJA DP1730 21/02/2026 10/02/2026 Books